Justice and history in the Old Testament : (Record no. 41907)
[ view plain ]
| 000 -LEADER | |
|---|---|
| fixed length control field | 01192nam a2200169Ia 4500 |
| 008 - FIXED-LENGTH DATA ELEMENTS--GENERAL INFORMATION | |
| fixed length control field | 220922s9999 xx 000 0 und d |
| 020 ## - INTERNATIONAL STANDARD BOOK NUMBER | |
| International Standard Book Number | 97809397380830939738082 |
| 041 ## - LANGUAGE CODE | |
| Language code of text/sound track or separate title | eng |
| 050 ## - LIBRARY OF CONGRESS CALL NUMBER | |
| Classification number | BS1199.J8 |
| Item number | .A19 1982 |
| 100 ## - MAIN ENTRY--PERSONAL NAME | |
| Personal name | Adamiak, Richard |
| 245 #0 - TITLE STATEMENT | |
| Title | Justice and history in the Old Testament : |
| Remainder of title | the evolution of divine retribution in the historiographies of the Wilderness generation / |
| Statement of responsibility, etc. | Richard Adamiak |
| 260 ## - PUBLICATION, DISTRIBUTION, ETC. | |
| Place of publication, distribution, etc. | Cleveland : |
| Name of publisher, distributor, etc. | John T. Zubal, |
| Date of publication, distribution, etc. | 1982 |
| 300 ## - PHYSICAL DESCRIPTION | |
| Extent | xii, 103 p. |
| Other physical details | ; |
| Dimensions | 23 cm. |
| 505 ## - FORMATTED CONTENTS NOTE | |
| Formatted contents note | The Jahwist wilderness historiography -- The Sinaitic Covenant -- J's wilderness historiography continued -- The Elohist wilderness historiography -- The wilderness in pre-exilic prophecy -- The wilderness generation in the pre-exilic Psalter -- The Deuteronomic (Dt) wilderness historiography -- The Deuteronomistic (Dtr) wilderness historiography -- The wilderness historiography of P -- The wilderness historiography of Ezekiel and exilic Psalms -- Summary -- Reconsiderations of myth and history. |
| 650 ## - SUBJECT ADDED ENTRY--TOPICAL TERM | |
| Topical term or geographic name entry element | Bible. Old Testament Criticism, interpretation, etc.Bible. Pentateuch Criticism, interpretation, etc.God Righteousness Biblical teaching. |
| Withdrawn status | Lost status | Damaged status | Not for loan | Home library | Current library | Shelving location | Date acquired | Cost, normal purchase price | Total Checkouts | Full call number | Barcode | Date last seen | Price effective from | Koha item type | Copy number |
|---|---|---|---|---|---|---|---|---|---|---|---|---|---|---|---|
| GETS Theological Seminary Library | GETS Theological Seminary Library | 09/21/2022 | 24.50 | BS1199.J8 .A19 1982 | 00027826 | 09/21/2022 | 09/21/2022 | English Books | |||||||
| GETS Theological Seminary Library | GETS Theological Seminary Library | 09/28/2022 | 24.50 | BS1199.J8 .A19 1982 | 00027999 | 09/28/2022 | 09/28/2022 | English Books | c.2 |